Gouvernement fédéral de belgique - Statistiques

Statistiques générales
  • Ce quiz a été pris 27 fois
  • Le résultat moyen est 9 sur 19
Statistiques - réponses
Hint Réponse Réponse % Correct
Premier Ministre Bart de Wever Nieuw-Vlaamse Alliantie (N-VA)
88%
Vice-Premier Ministre (Affaires Etrangères, Européennes,coopération au développement) Maxime Prévot Les Engagés
75%
Vice-Premier Ministre (Finances, Pensions, Loterie Nationale, Institutions culturelles fédérales) Jan Jambon Nieuw-Vlaamse Alliantie (N-VA)
69%
Ministre (Défense, Commerce extérieur) Théo Francken Nieuw-Vlaamse Alliantie (N-VA)
69%
Ministre (Sécurité Intérieur, Beliris) Bernard Quintin Mouvement Réformateur (MR)
63%
Vice-Premier Ministre (Emploie, Economie et Agriculture) David Clarinval Mouvement Réformateur (MR)
63%
Ministre (Classes moyennes, Indépendants, PME) Eléonore Simonet Mouvement Réformateur (MR)
56%
Ministre (Energie) Mathieu Bihet Mouvement Réformateur (MR)
56%
Ministre (Asile et migration, Intégration sociale, Politiques des Grandes Villes) Annelen Van Bossuyt Nieuw-Vlaamse Alliantie (N-VA)
50%
Ministre (Mobilité, Climat, Transition environnementale, développement durable) Jean-Luc Crucke Les engagés
50%
Ministre (Action et modernisation publiques, Entreprises publiques, Gestion immobilière de l'Etat, Numérique et politique scientifique) Vannessa Matz Les engagés
50%
Ministre (Justice, Mer du Nord) Annelies Verlinden Christen-Democratisch en Vlaams (CD&V)
44%
Vice-Premier Ministre (Affaires Sociales, Santé Publique,Lutte contre la pauvreté) Franck Vandenbroucke Vooruit
44%
Vice-Premier Ministre (Budget, Simplification administrative) Vincent van Peteghem Christen-Democratisch en Vlaams (CD&V)
44%
Ministre (Protection des consommateurs, Lutte contre la fraude sociale, Personnes handicapées, Egalités des chances) Rob Beenders Vooruit
38%
Nombre de sièges 150
13%
Nombre de sièges francophones 60
13%
Coalition Arizona
13%
Nombres de sièges néerlandophones 90
6%
Aucun quiz correspondant
Distribution des résultats
% des personnes avec chaque résultat
Percentile par nombre de réponses
Votre historique - résultats
Vous n’avez pas pris ce quiz